[Event "9.th Korbach B Open"]
[Site "Korbach"]
[Date "2017.10.20"]
[Round "2.27"]
[White "Siepen, Ralf"]
[Black "Margraf, Dieter"]
[Result "1-0"]
[WhiteElo "1640"]
[BlackElo "1441"]
[PlyCount "83"]
[EventDate "2017.10.19"]
[EventType "swiss"]
[EventRounds "7"]
[EventCountry "GER"]
[SourceDate "2017.10.24"]

1. Nf3 d5 2. c4 e6 3. g3 Nf6 4. Bg2 c6 5. b3 Nbd7 6. Bb2 Bd6 7. d4 O-O 8. O-O
Ne4 9. Nbd2 Nxd2 10. Qxd2 Nf6 11. Qd3 Qe7 12. Rfe1 Re8 13. Rac1 b6 14. Nd2 Bb7
15. e4 dxe4 16. Nxe4 Bb4 17. Re2 Nxe4 18. Bxe4 g6 19. Bc3 Bxc3 20. Qxc3 Rac8
21. Qf3 f5 22. Bb1 c5 23. Qe3 cxd4 24. Qxd4 Rcd8 25. Qe5 Qg7 26. Rce1 Qxe5 27.
Rxe5 Kf7 28. Kf1 Rd2 29. R5e2 Rxe2 30. Kxe2 Rd8 31. Rc1 e5 32. f3 h6 33. Bc2
Kf6 34. Rd1 Rxd1 {Remisangebot} 35. Bxd1 g5 36. Kd3 e4+ 37. fxe4 Bxe4+ 38. Kd4
g4 39. Bxg4 fxg4 40. Kxe4 Ke6 41. Kf4 h5 42. Kg5 1-0

[Event "9.th Korbach B Open"]
[Site "Korbach"]
[Date "2017.10.20"]
[Round "2.28"]
[White "Unruh, Hartmut"]
[Black "Lorch, Alexander"]
[Result "0-1"]
[WhiteElo "1518"]
[BlackElo "1636"]
[PlyCount "70"]
[EventDate "2017.10.19"]
[EventType "swiss"]
[EventRounds "7"]
[EventCountry "GER"]
[SourceDate "2017.10.24"]

1. d4 Nf6 2. Bf4 g6 3. Nc3 Bg7 4. e3 O-O 5. f3 d6 6. g4 Nc6 7. h4 e5 8. Bg3
exd4 9. exd4 Re8+ 10. Be2 Ne7 11. Qd3 Ned5 12. O-O-O Nxc3 13. Qxc3 Nd5 14. Qd3
Ne3 15. Rd2 Bd7 16. Nh3 Bc6 17. Bf2 Nxg4 18. Rdd1 Nxf2 19. Nxf2 Bh6+ 20. Kb1
Re3 21. Ng4 Rxd3 22. Rxd3 Bf4 23. h5 g5 24. Nh6+ Kf8 25. Ra3 Qf6 26. Ng4 Qe6
27. Bd1 Re8 28. Nf2 a6 29. Nd3 Qe3 30. Nxf4 Qxf4 31. c3 Bxf3 32. Rf1 g4 33. Bc2
Qd2 34. Rc1 Re1 35. b4 Qxc1# 0-1

[Event "9.th Korbach B Open"]
[Site "Korbach"]
[Date "2017.10.20"]
[Round "2.29"]
[White "Wagener, Friedrich"]
[Black "Deutsch, Volker"]
[Result "1/2-1/2"]
[WhiteElo "1493"]
[BlackElo "1612"]
[PlyCount "116"]
[EventDate "2017.10.19"]
[EventType "swiss"]
[EventRounds "7"]
[EventCountry "GER"]
[SourceDate "2017.10.24"]

1. e4 e5 2. Bc4 Nf6 3. d4 d6 4. dxe5 Nxe4 5. Qd5 Ng5 6. exd6 Ne6 7. dxc7 Qxd5
8. Bxd5 Nxc7 9. Bb3 Bf5 10. Nf3 Bc5 11. Bf4 Ne6 12. Bg3 Nc6 13. a3 Ned4 14.
Nxd4 Nxd4 15. Ba4+ b5 16. c3 bxa4 17. cxd4 Bxd4 18. Nc3 Bxc3+ 19. bxc3 Rc8 20.
Be5 O-O 21. O-O Rfe8 22. Bd4 a6 23. Rfe1 Bd3 24. Re3 Bb5 25. Rae1 Kf8 26. h4 h5
27. g3 g6 28. f4 Rxe3 29. Rxe3 Re8 30. Kf2 f5 31. Rxe8+ Kxe8 32. Ke3 Kd7 33.
Be5 Bc4 34. Kd4 Bb3 35. c4 Kc6 36. c5 Bc2 37. Bd6 Bb3 38. Ke5 Bd1 39. Kf6 Kd7
40. Kxg6 Ke6 41. Be5 Bg4 42. c6 Ke7 43. c7 Kd7 44. Kf6 Kc8 45. Ke7 Be2 46. Kd6
Bd1 47. Kc5 Bg4 48. Kb4 Bd1 49. Ka5 Kb7 50. Bd6 Bc2 51. Kb4 Bd1 52. Kc5 Bf3 53.
Kd4 Kc8 54. Ke5 Bg4 55. Ke6 Bh3 56. Kf6 Bg4 57. Kg5 Kd7 58. Kf6 Kc8 1/2-1/2

[Event "9.th Korbach B Open"]
[Site "Korbach"]
[Date "2017.10.20"]
[Round "2.30"]
[White "Warter, Simon"]
[Black "Spinnler, Wolfgang"]
[Result "1-0"]
[WhiteElo "1410"]
[BlackElo "1591"]
[PlyCount "105"]
[EventDate "2017.10.19"]
[EventType "swiss"]
[EventRounds "7"]
[EventCountry "GER"]
[SourceDate "2017.10.24"]

1. e4 d5 2. exd5 Qxd5 3. Nc3 Qd8 4. d4 Nf6 5. Bc4 g6 6. Nce2 Bg7 7. c3 c6 8.
Ng3 b5 9. Bd3 Bb7 10. Nf3 Nbd7 11. O-O O-O 12. a4 a6 13. Bf4 Nd5 14. Bc1 Qa5
15. Bd2 Qc7 16. Re1 e6 17. Ng5 h6 18. Nf3 Kh7 19. Qc1 Rae8 20. Nh5 Rh8 21. Nxg7
Kxg7 22. Ne5 Nxe5 23. Rxe5 f6 24. Re1 Qf7 25. axb5 cxb5 26. b3 g5 27. c4 Nc7
28. Qb2 Qd7 29. Be4 Bxe4 30. Rxe4 Qc6 31. Ree1 bxc4 32. bxc4 Qxc4 33. Rec1 Qb5
34. Rxc7+ Kg6 35. Qxb5 axb5 36. Rb7 Rd8 37. Be3 f5 38. Rxb5 f4 39. Bc1 Rxd4 40.
Bb2 Rhd8 41. Bxd4 Rxd4 42. Kf1 Kf6 43. Re1 Rd6 44. Ke2 h5 45. Rd1 Ra6 46. g3 e5
47. Rbd5 Kf5 48. Rd6 Ra2+ 49. Kf1 f3 50. R6d2 Ra4 51. Rd3 Ke4 52. Re3+ Kf5 53.
Rd5 1-0

[Event "9.th Korbach B Open"]
[Site "Korbach"]
[Date "2017.10.20"]
[Round "2.31"]
[White "Ruhl, Marcel"]
[Black "Langhammer, Joerg"]
[Result "1-0"]
[WhiteElo "1555"]
[BlackElo "1732"]
[PlyCount "99"]
[EventDate "2017.10.19"]
[EventType "swiss"]
[EventRounds "7"]
[EventCountry "GER"]
[SourceDate "2017.10.24"]

1. d4 Nf6 2. c4 e6 3. Bf4 d5 4. Nc3 Bd6 5. Bg5 Be7 6. c5 c6 7. Nf3 Nbd7 8. h3
Nh5 9. Bxe7 Qxe7 10. e3 Nhf6 11. Nd2 e5 12. Be2 O-O 13. O-O b6 14. b4 a5 15. a3
b5 16. Bd3 e4 17. Be2 a4 18. Nxb5 cxb5 19. Bxb5 Ba6 20. Bxa4 Bxf1 21. Kxf1 Rfc8
22. Bb5 Rab8 23. Be2 h6 24. Nb1 Nb6 25. Qb3 Nbd7 26. Qc3 Nb6 27. Qc2 Ra8 28.
Nc3 Qc7 29. Kg1 Nbd7 30. Qb3 Qb7 31. Rb1 Qa7 32. a4 Rab8 33. Nb5 Qa8 34. Nd6
Nxc5 35. dxc5 Rxc5 36. Bb5 Rc7 37. Nf5 Rbc8 38. Kh2 Rc3 39. Qd1 Qb8+ 40. Kg1
Qc7 41. Nd4 Rc1 42. Rxc1 Qxc1 43. Qxc1 Rxc1+ 44. Kh2 Kf8 45. Bc6 g6 46. b5 Ke7
47. b6 Kd6 48. Bb5 Nd7 49. a5 Kc5 50. Bxd7 1-0

[Event "9.th Korbach B Open"]
[Site "Korbach"]
[Date "2017.10.20"]
[Round "2.32"]
[White "Yon, Gregory"]
[Black "Deutsch, Oliver"]
[Result "0-1"]
[WhiteElo "1588"]
[BlackElo "1408"]
[PlyCount "98"]
[EventDate "2017.10.19"]
[EventType "swiss"]
[EventRounds "7"]
[EventCountry "GER"]
[SourceDate "2017.10.24"]

1. d4 d5 2. Bf4 Nc6 3. c3 Bf5 4. Nd2 e6 5. e3 Nf6 6. Be2 Bd6 7. Bg3 O-O 8. Qb3
Rb8 9. Ngf3 Re8 10. Ne5 Bxe5 11. dxe5 Nd7 12. f4 f6 13. Bh4 Qc8 14. g4 Bg6 15.
exf6 gxf6 16. f5 Bf7 17. Rg1 Kh8 18. Kf2 Rg8 19. Qc2 Rg7 20. Raf1 Qg8 21. Ke1
exf5 22. Qxf5 Be6 23. Qf4 Rf8 24. h3 Nce5 25. Qd4 h5 26. Bxf6 Nxf6 27. Qxe5 Nd7
28. Rxf8 Nxe5 29. Rxg8+ Rxg8 30. Nf3 Nc4 31. Bxc4 dxc4 32. Nd4 Bd7 33. g5 Re8
34. Kf2 Bxh3 35. g6 Bg4 36. Nf3 Rf8 37. Rg3 Rxf3+ 38. Rxf3 Bxf3 39. Kxf3 Kg7
40. e4 Kxg6 41. Kf4 h4 42. e5 h3 43. e6 Kf6 44. e7 Kxe7 45. Kg3 Ke6 46. Kxh3
Kd5 47. Kg3 Ke4 48. Kf2 Kd3 49. Kf3 Kc2 0-1

[Event "9.th Korbach B Open"]
[Site "Korbach"]
[Date "2017.10.20"]
[Round "2.33"]
[White "De Heij, Mees"]
[Black "Barchfeld, Peter"]
[Result "1/2-1/2"]
[WhiteElo "1343"]
[BlackElo "1571"]
[PlyCount "112"]
[EventDate "2017.10.19"]
[EventType "swiss"]
[EventRounds "7"]
[EventCountry "GER"]
[SourceDate "2017.10.24"]

1. d4 d5 2. c4 c6 3. Nc3 Nf6 4. Nf3 Bf5 5. Bf4 e6 6. c5 h6 7. e3 Nbd7 8. Bd3
Bxd3 9. Qxd3 b6 10. cxb6 axb6 11. O-O Be7 12. e4 dxe4 13. Nxe4 Nxe4 14. Qxe4
Rc8 15. Rac1 Nf6 16. Qd3 O-O 17. Ne5 c5 18. dxc5 bxc5 19. Qxd8 Rfxd8 20. Rfd1
Nd5 21. Be3 Nxe3 22. Rxd8+ Bxd8 23. fxe3 Bf6 24. Nd3 c4 25. b3 c3 26. Kf2 Kf8
27. Ke2 Ke7 28. Nb4 Kd6 29. Kd3 Ke7 30. Nc2 Rd8+ 31. Nd4 e5 32. Rxc3 exd4 33.
exd4 Rxd4+ 34. Kc2 Rd7 35. Re3+ Kf8 36. a4 Bg5 37. Rc3 Rd2+ 38. Kb1 Rxg2 39. a5
Rg1+ 40. Ka2 Rg2+ 41. Kb1 Rd2 42. a6 Rd8 43. a7 Bd2 44. Rc7 Bf4 45. Rb7 Bxh2
46. b4 f5 47. Kc2 Be5 48. Rb5 Re8 49. Rxe5 Ra8 50. Rxf5+ Ke7 51. Ra5 Kd7 52.
Rf5 Kc6 53. Rf7 Kb6 54. Rxg7 Rxa7 55. Rg6+ Kb5 56. Rxh6 Kxb4 1/2-1/2

[Event "9.th Korbach B Open"]
[Site "Korbach"]
[Date "2017.10.20"]
[Round "2.34"]
[White "Clement, Marc"]
[Black "Dessens, John"]
[Result "1-0"]
[WhiteElo "1561"]
[BlackElo "1318"]
[PlyCount "139"]
[EventDate "2017.10.19"]
[EventType "swiss"]
[EventRounds "7"]
[EventCountry "GER"]
[SourceDate "2017.10.24"]

1. Nf3 Nf6 2. g3 d5 3. d3 Bg4 4. Bg2 e6 5. O-O Bc5 6. Nbd2 O-O 7. c3 Nbd7 8. h3
Bxf3 9. Nxf3 Bb6 10. Re1 c5 11. Qc2 Rc8 12. e4 d4 13. e5 Nd5 14. c4 Nb4 15. Qe2
Qc7 16. a3 Nc6 17. Bf4 Rfe8 18. Qe4 Nf8 19. h4 Ba5 20. Red1 Ng6 21. h5 Nxf4 22.
Qxf4 Qe7 23. h6 g6 24. Ng5 Bd8 25. Ne4 Kh8 26. Nd6 Bc7 27. Nxc8 Rxc8 28. Bxc6
bxc6 29. Qf6+ Qxf6 30. exf6 Be5 31. f4 Bxf6 32. g4 Be7 33. g5 Bd6 34. Rf1 Rb8
35. Rab1 Rb3 36. Rf3 Bc7 37. Kf2 Ba5 38. Ke2 Bc3 39. Rff1 Ba5 40. Rfd1 Kg8 41.
Kf3 Bc7 42. Ke4 Kf8 43. Rd2 Ba5 44. Rdd1 Bc7 45. a4 Ke7 46. Kf3 Ba5 47. Ke2 Bc7
48. Rf1 Ba5 49. Rf3 Kd6 50. Kd1 Bc7 51. Kc2 Rb4 52. b3 Ba5 53. Rbf1 Rb7 54.
R1f2 Bc7 55. Re2 Ke7 56. f5 Rb8 57. fxe6 fxe6 58. Rf6 e5 59. Rxc6 Bd6 60. Rf2
Rb6 61. Rc8 Rb8 62. Rc6 Rb6 63. Rxb6 axb6 64. Rf6 Bc7 65. Kd2 Bd8 66. Ke2 Ke8
67. Re6+ Kd7 68. Rxe5 Kd6 69. Rd5+ Kc7 70. Kf3 1-0

[Event "9.th Korbach B Open"]
[Site "Korbach"]
[Date "2017.10.20"]
[Round "2.35"]
[White "Leis, Michael"]
[Black "Werner, Tom"]
[Result "0-1"]
[WhiteElo "1287"]
[BlackElo "1554"]
[PlyCount "82"]
[EventDate "2017.10.19"]
[EventType "swiss"]
[EventRounds "7"]
[EventCountry "GER"]
[SourceDate "2017.10.24"]

1. e4 e6 2. Nc3 d5 3. e5 c5 4. Nf3 Nc6 5. Bb5 a6 6. Bxc6+ bxc6 7. d3 Rb8 8. b3
Ne7 9. Bg5 h6 10. Bh4 Qa5 11. Qd2 Nf5 12. O-O Be7 13. Bxe7 Nxe7 14. Na4 Qb4 15.
c3 Qa5 16. c4 Qb4 17. Qc2 d4 18. Rfb1 Ng6 19. Qd1 O-O 20. a3 Qa5 21. b4 cxb4
22. axb4 Rxb4 23. Qe1 Rxb1 24. Qxb1 Nxe5 25. Nxe5 Qxe5 26. Qe1 Qxe1+ 27. Rxe1
f6 28. Nb6 e5 29. Nxc8 Rxc8 30. Rb1 Ra8 31. Kf1 a5 32. Ke1 a4 33. Kd1 a3 34.
Ra1 a2 35. Kc1 Ra3 36. Kc2 g5 37. f3 Kf7 38. g4 Ke6 39. h3 Kd6 40. Kd2 Kc5 41.
Kc2 Kb4 0-1

[Event "9.th Korbach B Open"]
[Site "Korbach"]
[Date "2017.10.20"]
[Round "2.36"]
[White "Lehmann, Nils"]
[Black "Moderow, Manuel"]
[Result "1/2-1/2"]
[WhiteElo "1542"]
[BlackElo "1210"]
[PlyCount "116"]
[EventDate "2017.10.19"]
[EventType "swiss"]
[EventRounds "7"]
[EventCountry "GER"]
[SourceDate "2017.10.24"]

1. e4 e5 2. Nf3 Nc6 3. Bc4 Bc5 4. c3 Nf6 5. d3 d6 6. Nbd2 O-O 7. h3 Qe7 8. Nf1
Nd8 9. Ng3 Bd7 10. Nh2 Ne6 11. Ng4 Nxg4 12. hxg4 Qf6 13. O-O Nf4 14. Qf3 Nh3+
15. Kh2 Qxf3 16. gxf3 Nf4 17. Bxf4 exf4 18. Ne2 g5 19. a4 a5 20. d4 Bb6 21. Kg2
c6 22. Rh1 Kg7 23. Bb3 Rae8 24. Rae1 Be6 25. Bc2 h6 26. Nc1 Bc4 27. Nb3 Bc7 28.
Nd2 Be6 29. Re2 Rb8 30. Rhe1 b5 31. axb5 Rxb5 32. b3 Rbb8 33. e5 dxe5 34. dxe5
Rfe8 35. c4 Re7 36. Ra1 f6 37. exf6+ Kxf6 38. Ne4+ Kf7 39. Nc5 Bb6 40. Nxe6
Rxe6 41. Rxe6 Kxe6 42. Re1+ Kd6 43. Kf1 Bd4 44. Re4 c5 45. Ke2 Rh8 46. Kf1 h5
47. gxh5 Rxh5 48. Kg2 Rh8 49. Re2 Rb8 50. Bd1 Rh8 51. Ra2 Bc3 52. Bc2 Re8 53.
Be4 Rb8 54. Ra3 Bb4 55. Ra1 Bc3 56. Rb1 Bd4 57. Bc2 Re8 58. Be4 Rb8 1/2-1/2

[Event "9.th Korbach B Open"]
[Site "Korbach"]
[Date "2017.10.20"]
[Round "2.37"]
[White "Eurich, Eva"]
[Black "Schulz, Daniel"]
[Result "0-1"]
[WhiteElo "1084"]
[BlackElo "1537"]
[PlyCount "85"]
[EventDate "2017.10.19"]
[EventType "swiss"]
[EventRounds "7"]
[EventCountry "GER"]
[SourceDate "2017.10.24"]

1. d4 e6 2. e4 d5 3. Nc3 Bb4 4. Bd2 Ne7 5. Nf3 c5 6. a3 Bxc3 7. Bxc3 dxe4 8.
Ne5 O-O 9. Be2 cxd4 10. Qxd4 Qxd4 11. Bxd4 Nbc6 12. O-O-O Nxd4 13. Rxd4 Nf5 14.
Rxe4 b6 15. Bb5 Nd6 16. Bc6 Nxe4 17. Bxa8 Nxf2 18. Rf1 Ba6 19. Rxf2 Rxa8 20.
Nxf7 Rf8 21. Rd2 Rxf7 22. Rd8+ Rf8 23. Rd7 Ra8 24. b3 Bf1 25. g3 Kf8 26. Kb2
Bh3 27. Rd4 Bf5 28. Rh4 Ke7 29. Rc4 Rd8 30. g4 Bg6 31. a4 a5 32. Ka3 Rd2 33.
Kb2 Rxh2 34. Rc7+ Kf6 35. Rc6 Rg2 36. Rxb6 Rxc2+ 37. Ka3 Rc5 38. Rb5 Rxb5 39.
axb5 Ke7 40. Ka4 Kd7 41. Kxa5 Kc7 42. b6+ Kb7 43. Kb5 0-1

[Event "9.th Korbach B Open"]
[Site "Korbach"]
[Date "2017.10.20"]
[Round "3.1"]
[White "Lasschuit, Rene"]
[Black "Vega Lopez de Nava, Cesar Octavi"]
[Result "0-1"]
[WhiteElo "1733"]
[BlackElo "1922"]
[PlyCount "112"]
[EventDate "2017.10.19"]
[EventType "swiss"]
[EventRounds "7"]
[EventCountry "GER"]
[SourceDate "2017.10.24"]

1. c4 e5 2. g3 Nf6 3. Bg2 c6 4. d4 e4 5. d5 cxd5 6. cxd5 Bb4+ 7. Nc3 Bxc3+ 8.
bxc3 Qa5 9. Bb2 O-O 10. Qd2 Re8 11. c4 Qxd2+ 12. Kxd2 Ng4 13. Bd4 f5 14. h3 Ne5
15. Bxe5 Rxe5 16. f4 Re8 17. e3 d6 18. Ne2 Na6 19. Nd4 Bd7 20. Rhb1 b6 21. Nb5
Bxb5 22. Rxb5 Rac8 23. Bf1 Nc5 24. a4 Nb7 25. Kc3 Rc7 26. Kd4 Rec8 27. g4 g6
28. Be2 Kf7 29. Rb4 h6 30. h4 Kf6 31. g5+ hxg5 32. hxg5+ Kg7 33. Rh1 Rc5 34.
Rb5 R5c7 35. Rb4 Rh8 36. Rxh8 Kxh8 37. Rb1 Rh7 38. Rb2 Rh1 39. Ra2 Kg7 40. Ra3
Kf8 41. Ra2 Ke7 42. Kc3 Kd8 43. Kd4 Kc7 44. Kc3 a5 45. Kd2 Nc5 46. Bd1 Nd3 47.
Bc2 Nb4 48. Rb2 Rh2+ 49. Kd1 Nd3 50. Rb1 Nf2+ 51. Ke1 Ng4 52. Rc1 Nxe3 53. Bb3
Rh1+ 54. Kd2 Rxc1 55. Kxc1 Ng2 56. Kd2 Nxf4 0-1

[Event "9.th Korbach B Open"]
[Site "Korbach"]
[Date "2017.10.20"]
[Round "3.2"]
[White "Haack, Kevin"]
[Black "Lages, Karl Heinz"]
[Result "1/2-1/2"]
[WhiteElo "1655"]
[BlackElo "1867"]
[PlyCount "40"]
[EventDate "2017.10.19"]
[EventType "swiss"]
[EventRounds "7"]
[EventCountry "GER"]
[SourceDate "2017.10.24"]

1. c4 Nf6 2. d4 g6 3. Nc3 d5 4. cxd5 Nxd5 5. e4 Nxc3 6. bxc3 Bg7 7. Bc4 c5 8.
Ne2 Nc6 9. Be3 cxd4 10. cxd4 O-O 11. O-O Bg4 12. f3 Na5 13. Bxf7+ Rxf7 14. fxg4
Rxf1+ 15. Qxf1 Nc4 16. Bf2 Nd2 17. Qd1 Nxe4 18. Be3 Qd7 19. Qb3+ Kh8 20. Rb1 b6
1/2-1/2

[Event "9.th Korbach B Open"]
[Site "Korbach"]
[Date "2017.10.20"]
[Round "3.3"]
[White "Bigott, Martin"]
[Black "Maters, Arthur"]
[Result "1/2-1/2"]
[WhiteElo "1787"]
[BlackElo "1709"]
[PlyCount "76"]
[EventDate "2017.10.19"]
[EventType "swiss"]
[EventRounds "7"]
[EventCountry "GER"]
[SourceDate "2017.10.24"]

1. e4 c5 2. Nf3 d6 3. d4 cxd4 4. Nxd4 Nf6 5. Nc3 a6 6. Be3 e5 7. Nb3 Be6 8. f3
h5 9. h4 Be7 10. Qd2 Nbd7 11. g3 b5 12. Bh3 b4 13. Bxe6 fxe6 14. Nd1 d5 15. Nf2
a5 16. Qd3 a4 17. Nd2 Ra5 18. exd5 exd5 19. Qg6+ Kf8 20. O-O Qe8 21. Qf5 g6 22.
Qd3 Nc5 23. Qe2 Ne6 24. Bb6 Rb5 25. Be3 Qb8 26. c4 Rb7 27. cxd5 Nxd5 28. Nde4
Kg7 29. Bd2 Nd4 30. Qd3 Rc8 31. Rac1 Rbc7 32. Rxc7 Qxc7 33. Rc1 Qxc1+ 34. Bxc1
Rxc1+ 35. Kg2 Re1 36. f4 Ne3+ 37. Kh3 Nf3 38. fxe5 Ng4 1/2-1/2

[Event "9.th Korbach B Open"]
[Site "Korbach"]
[Date "2017.10.20"]
[Round "3.4"]
[White "Udaykumar, Arunn Mark"]
[Black "Van Heeren, Arie"]
[Result "1/2-1/2"]
[WhiteElo "1772"]
[BlackElo "1701"]
[PlyCount "45"]
[EventDate "2017.10.19"]
[EventType "swiss"]
[EventRounds "7"]
[EventCountry "GER"]
[SourceDate "2017.10.24"]

1. e4 e5 2. Nf3 Nc6 3. Bc4 Be7 4. O-O Nf6 5. Nc3 O-O 6. d4 d6 7. h3 a6 8. Bg5
b5 9. dxe5 Nxe5 10. Nxe5 dxe5 11. Bd3 Bb7 12. a3 c5 13. Bxf6 Bxf6 14. Nd5 Qd6
15. Nxf6+ Qxf6 16. Qg4 Bc8 17. Qg3 Be6 18. f4 exf4 19. Qxf4 Qxf4 20. Rxf4 Rad8
21. Bf1 Rd2 22. Rc1 Rfd8 23. a4 1/2-1/2

[Event "9.th Korbach B Open"]
[Site "Korbach"]
[Date "2017.10.20"]
[Round "3.6"]
[White "Koellner, Aaron Noah"]
[Black "Wachsmann, Elmar"]
[Result "1-0"]
[WhiteElo "1930"]
[BlackElo "1663"]
[PlyCount "93"]
[EventDate "2017.10.19"]
[EventType "swiss"]
[EventRounds "7"]
[EventCountry "GER"]
[SourceDate "2017.10.24"]

1. d4 d5 2. Bf4 Nf6 3. e3 c5 4. c3 e6 5. Nd2 Nc6 6. Bd3 Be7 7. Ngf3 Nh5 8. Be5
Nf6 9. Bg3 Bd6 10. Qe2 a6 11. a4 b6 12. Bxd6 Qxd6 13. dxc5 Qxc5 14. O-O Bb7 15.
e4 O-O 16. Nb3 Qe7 17. e5 Nd7 18. Rfe1 Nc5 19. Bc2 Rfd8 20. Nbd4 a5 21. Nxc6
Bxc6 22. Nd4 Bd7 23. f4 Qe8 24. b3 Rdb8 25. Qh5 g6 26. Qh4 b5 27. axb5 Bxb5 28.
Re3 Qf8 29. Rh3 Qg7 30. b4 axb4 31. Rxa8 Rxa8 32. Nxb5 Rb8 33. cxb4 Rxb5 34.
bxc5 Rxc5 35. Qf2 Ra5 36. Rb3 h6 37. Rb8+ Kh7 38. h3 Ra6 39. Bd3 Ra3 40. Qc2
Ra7 41. Qc5 Ra4 42. Qc1 Ra7 43. Kh2 Ra2 44. Qc8 Ra3 45. Bxg6+ Kxg6 46. Qc2+ Kh5
47. g4+ 1-0

[Event "9.th Korbach B Open"]
[Site "Korbach"]
[Date "2017.10.20"]
[Round "3.7"]
[White "Sharikow, Alexej"]
[Black "Dresen, Dietmar"]
[Result "1-0"]
[WhiteElo "1903"]
[BlackElo "1654"]
[PlyCount "49"]
[EventDate "2017.10.19"]
[EventType "swiss"]
[EventRounds "7"]
[EventCountry "GER"]
[SourceDate "2017.10.24"]

1. d4 e6 2. c4 d5 3. Nc3 Nf6 4. Nf3 Be7 5. Bf4 c6 6. e3 O-O 7. Bd3 dxc4 8. Bxc4
Qa5 9. O-O Nbd7 10. Qc2 b5 11. Bd3 b4 12. Ne4 Qd5 13. Nxf6+ Nxf6 14. e4 Qh5 15.
Qxc6 Bd7 16. Qb7 Rfc8 17. Ne5 Rab8 18. Qa6 Be8 19. Rfc1 Rxc1+ 20. Rxc1 Nxe4 21.
Bxe4 Rb5 22. Bf3 Qf5 23. Qc8 Bf8 24. Qxe8 Qxf4 25. Rc8 1-0

[Event "9.th Korbach B Open"]
[Site "Korbach"]
[Date "2017.10.20"]
[Round "3.8"]
[White "Koch, Thomas1"]
[Black "Hagner, Bennet"]
[Result "1/2-1/2"]
[WhiteElo "1812"]
[BlackElo "1594"]
[PlyCount "35"]
[EventDate "2017.10.19"]
[EventType "swiss"]
[EventRounds "7"]
[EventCountry "GER"]
[SourceDate "2017.10.24"]

1. e4 c6 2. d4 d5 3. e5 c5 4. c3 Nc6 5. Nf3 Bg4 6. Be2 e6 7. O-O Bxf3 8. Bxf3
cxd4 9. cxd4 Qb6 10. Be3 Qxb2 11. Nd2 Qb6 12. Rb1 Qc7 13. Qb3 Rb8 14. Rfc1 Nge7
15. Qa4 a6 16. Be2 Rc8 17. Bd3 h6 18. Nb3 1/2-1/2

[Event "9.th Korbach B Open"]
[Site "Korbach"]
[Date "2017.10.20"]
[Round "3.9"]
[White "Bayer, Melissa"]
[Black "Ruhl, Moritz"]
[Result "0-1"]
[WhiteElo "1523"]
[BlackElo "1781"]
[PlyCount "125"]
[EventDate "2017.10.19"]
[EventType "swiss"]
[EventRounds "7"]
[EventCountry "GER"]
[SourceDate "2017.10.24"]

1. e4 e6 2. d4 d5 3. exd5 exd5 4. Bd3 Bd6 5. Nf3 h6 6. Be3 Ne7 7. Nbd2 Bf5 8.
Qe2 Bxd3 9. Qxd3 c6 10. Nh4 Nd7 11. Ndf3 g5 12. Nf5 Nxf5 13. Qxf5 Qf6 14. Qxf6
Nxf6 15. h3 O-O-O 16. O-O-O Rde8 17. Rhe1 Ne4 18. Nd2 f5 19. f3 Nxd2 20. Kxd2
Bg3 21. Re2 f4 22. Bf2 Rxe2+ 23. Kxe2 Re8+ 24. Kf1 Bxf2 25. Kxf2 Kd7 26. Re1
Rxe1 27. Kxe1 {Remisangebot} Kd6 28. Kd2 c5 29. Kd3 b5 30. c3 a5 31. a3 a4 32.
Kd2 Kc6 33. Kd3 b4 34. dxc5 bxa3 35. bxa3 Kxc5 36. Kd2 Kc4 37. Kc2 h5 38. Kd2
Kb3 39. Kd3 Kxa3 40. Kc2 h4 41. c4 Kb4 42. cxd5 Kc5 43. Kb2 Kxd5 44. Ka3 Kd4
45. Kxa4 Ke3 46. Kb4 Kf2 47. Kc4 Kxg2 48. Kd3 Kxf3 49. Kd4 Kg3 50. Ke4 Kxh3 51.
Kf3 g4+ 52. Kxf4 g3 53. Kf3 Kh2 54. Kg4 h3 55. Kf4 g2 56. Kf3 g1=Q 57. Kf4 Qg3+
58. Ke4 Kg2 59. Kd4 h2 60. Ke4 h1=Q 61. Kf5 Qf1+ 62. Ke4 Qff4+ 63. Kd5 0-1

[Event "9.th Korbach B Open"]
[Site "Korbach"]
[Date "2017.10.20"]
[Round "3.10"]
[White "Schloemer, Andreas"]
[Black "Ruhl, Marcel"]
[Result "1/2-1/2"]
[WhiteElo "1704"]
[BlackElo "1555"]
[PlyCount "82"]
[EventDate "2017.10.19"]
[EventType "swiss"]
[EventRounds "7"]
[EventCountry "GER"]
[SourceDate "2017.10.24"]

1. c4 e6 2. g3 Nf6 3. Bg2 d5 4. Nf3 c6 5. b3 Qb6 6. cxd5 cxd5 7. O-O Bd6 8. Bb2
Nbd7 9. d3 O-O 10. Nbd2 Ng4 11. h3 Nge5 12. Nxe5 Nxe5 13. Kh2 Ng6 14. f4 h5 15.
h4 Ne7 16. e4 g6 17. Bf6 dxe4 18. dxe4 Qa6 {Remisangebot} 19. Nc4 Bc5 20. Qc2
Nc6 21. Rfd1 Nb8 22. Ne5 Ba3 23. Rd3 Nc6 24. Nxc6 bxc6 25. Rad1 Bb7 26. Rd4 Qb6
27. Qd2 Rac8 28. Rd7 Bb4 29. Qb2 Rce8 30. a3 Bc5 31. b4 Bc8 32. Rd8 Be7 33. e5
Bxf6 34. exf6 Ba6 35. R8d6 Rc8 36. Qd2 Bc4 37. Rd4 Bd5 38. Bxd5 exd5 39. f5 Kh7
40. Qg5 Rce8 41. Qf4 Re2+ 1/2-1/2

[Event "9.th Korbach B Open"]
[Site "Korbach"]
[Date "2017.10.20"]
[Round "3.12"]
[White "Stork, Christopher"]
[Black "John, Volkmar"]
[Result "1/2-1/2"]
[WhiteElo "1652"]
[BlackElo "1861"]
[PlyCount "100"]
[EventDate "2017.10.19"]
[EventType "swiss"]
[EventRounds "7"]
[EventCountry "GER"]
[SourceDate "2017.10.24"]

1. e4 c5 2. Nf3 d6 3. d4 cxd4 4. Nxd4 Nf6 5. Nc3 a6 6. Be3 e5 7. Nb3 Be6 8. Be2
Be7 9. O-O Qc7 10. f3 O-O 11. Qd2 b5 12. a3 Nbd7 13. Rad1 Nb6 14. Bxb6 Qxb6+
15. Kh1 Rac8 16. h3 Rfd8 17. a4 b4 18. a5 bxc3 19. axb6 cxd2 20. Bxa6 Rb8 21.
b7 Bxb3 22. cxb3 d5 23. Rxd2 d4 24. Rc1 Nxe4 25. Rdc2 Nc5 26. Rxc5 Bxc5 27.
Rxc5 d3 28. Rc1 d2 29. Rd1 Rd6 30. Bc4 Rxb7 31. Kg1 Kf8 32. Kf2 Ra7 33. Ke2 Ra2
34. Bd3 Rxb2 35. Rxd2 Rxb3 36. Be4 Rxd2+ 37. Kxd2 Rb2+ 38. Bc2 f5 39. Kc3 Rxc2+
40. Kxc2 Ke7 41. Kd3 Kd6 42. g4 fxg4 43. hxg4 Kd5 44. Ke3 h6 45. Kd3 g6 46. Ke3
Kd6 47. Ke4 Ke6 48. Ke3 Ke7 49. Ke4 Kf6 50. f4 exf4 1/2-1/2

[Event "9.th Korbach B Open"]
[Site "Korbach"]
[Date "2017.10.20"]
[Round "3.14"]
[White "Kirchner, Stefan"]
[Black "Fobbe, Ottmar"]
[Result "0-1"]
[WhiteElo "1550"]
[BlackElo "1846"]
[PlyCount "80"]
[EventDate "2017.10.19"]
[EventType "swiss"]
[EventRounds "7"]
[EventCountry "GER"]
[SourceDate "2017.10.24"]

1. e4 e6 2. d4 d5 3. Nd2 c5 4. c3 Nc6 5. Bb5 cxd4 6. cxd4 Qb6 7. exd5 exd5 8.
Qe2+ Be6 9. Ngf3 Bd6 10. Ng5 Kd7 11. Nxe6 fxe6 12. Nf3 Bb4+ 13. Kf1 Nf6 14. a3
Bd6 15. Be3 a6 16. Ba4 Qd8 17. Ne5+ Bxe5 18. dxe5 Ne4 19. f3 Rf8 20. Ke1 Qa5+
21. b4 Qxa4 22. fxe4 Nxb4 23. Rc1 Qxa3 24. Kd2 Qb2+ 25. Kd1 Qxe2+ 26. Kxe2 Rac8
27. Bc5 Na2 28. Rc2 {Remisangebot} Rf4 29. exd5 exd5 30. Kd2 b5 31. Re1 Ke6 32.
Rxa2 Rxc5 33. Rxa6+ Kf5 34. Kd3 Re4 35. Rxe4 dxe4+ 36. Kd4 Rc4+ 37. Kd5 e3 38.
Ra3 Re4 39. g4+ Kf4 40. e6 e2 0-1

[Event "9.th Korbach B Open"]
[Site "Korbach"]
[Date "2017.10.20"]
[Round "3.15"]
[White "Werner, Tom"]
[Black "Schneider, Udo"]
[Result "1/2-1/2"]
[WhiteElo "1554"]
[BlackElo "1761"]
[PlyCount "28"]
[EventDate "2017.10.19"]
[EventType "swiss"]
[EventRounds "7"]
[EventCountry "GER"]
[SourceDate "2017.10.24"]

1. c4 Nf6 2. g3 c5 3. Nc3 g6 4. Bg2 Nc6 5. d3 Bg7 6. Nf3 Rb8 7. Be3 d6 8. Rb1
O-O 9. a3 a6 10. b4 cxb4 11. axb4 Ng4 12. Bd2 b5 13. cxb5 axb5 14. O-O Nge5
1/2-1/2